[Event "High Wycombe e2e4 U2000 op 03"]
[Site "High Wycombe"]
[Date "2013.03.10"]
[Round "5"]
[White "Price, Andrew"]
[Black "Roads, Phil J"]
[Result "1/2-1/2"]
[WhiteElo "1858"]
[BlackElo "1726"]
[PlyCount "40"]
[EventDate "2013.03.08"]
[EventType "swiss"]
[EventRounds "5"]
[EventCountry "ENG"]
[SourceTitle "EXT 2015"]
[Source "ChessBase"]
[SourceDate "2014.11.20"]
[SourceVersion "1"]
[SourceVersionDate "2014.11.20"]
[SourceQuality "1"]

1. e4 d5 2. exd5 Qxd5 3. Nc3 Qd6 4. Nf3 Nf6 5. d4 a6 6. Be2 Nc6 7. 0-0 Bf5 8. Be3 0-0-0 9. a3 e5 10. dxe5 Nxe5 11. Nxe5 Qxe5 12. Qc1 Bd6 13. g3 Nd5 14. Nxd5 Qxd5 15. c4 Qe4 16. f3 Qc2 17. Rf2 Rhe8 18. Qxc2 Bxc2 19. Rc1 Rxe3 20. Rxc2 Bc5 1/2-1/2

[Event "High Wycombe e2e4 U2000 op 03"]
[Site "High Wycombe"]
[Date "2013.03.09"]
[Round "2"]
[White "Batchelor, Guy J"]
[Black "Roads, Phil J"]
[Result "1-0"]
[WhiteElo "1848"]
[BlackElo "1726"]
[PlyCount "83"]
[EventDate "2013.03.08"]
[EventType "swiss"]
[EventRounds "5"]
[EventCountry "ENG"]
[SourceTitle "EXT 2015"]
[Source "ChessBase"]
[SourceDate "2014.11.20"]
[SourceVersion "1"]
[SourceVersionDate "2014.11.20"]
[SourceQuality "1"]

1. b4 Nf6 2. Bb2 d6 3. d4 g6 4. c4 Bg7 5. Nf3 0-0 6. e3 Nbd7 7. Be2 Qe8 8. 0-0 a5 9. a3 axb4 10. axb4 Rxa1 11. Bxa1 e5 12. Nc3 Qe7 13. Qb3 Re8 14. d5 Nf8 15. Bb2 e4 16. Nd4 Bg4 17. h3 Bxe2 18. Ncxe2 h5 19. Ra1 N8h7 20. Ra7 Rb8 21. Qa4 h4 22. Rxb7 Rxb7 23. Qa8+ Qe8 24. Qxb7 Qd7 25. Nb5 Ne8 26. Bxg7 Kxg7 27. Ned4 Ng5 28. Kh2 Qe7 29. Qc8 Qe5+ 30. Kg1 Qe7 31. Nc6 Qf6 32. Nbd4 Kf8 33. Qd7 Nh7 34. Kf1 Ng5 35. Qg4 Nh7 36. Qxe4 Qg5 37. Nf3 Qf6 38. Qxh4 Qa1+ 39. Ne1 Kg7 40. Qd4+ Qxd4 41. Nxd4 Kf6 42. Nd3 1-0

[Event "High Wycombe e2e4 U2000 op 03"]
[Site "High Wycombe"]
[Date "2013.03.09"]
[Round "3"]
[White "Sloan, Cecil"]
[Black "Roads, Phil J"]
[Result "0-1"]
[WhiteElo "1742"]
[BlackElo "1726"]
[PlyCount "32"]
[EventDate "2013.03.08"]
[EventType "swiss"]
[EventRounds "5"]
[EventCountry "ENG"]
[SourceTitle "EXT 2015"]
[Source "ChessBase"]
[SourceDate "2014.11.20"]
[SourceVersion "1"]
[SourceVersionDate "2014.11.20"]
[SourceQuality "1"]

1. e4 d5 2. exd5 Qxd5 3. Nc3 Qd6 4. d4 Nf6 5. Nf3 a6 6. h3 b5 7. Be2 Bb7 8. 0-0 Nbd7 9. Be3 Nb6 10. Nd2 b4 11. Ncb1 e5 12. dxe5 Qxe5 13. Nb3 Bd6 14. g3 Qe4 15. f3 Qxe3+ 16. Kh2 Rd8 0-1

[Event "Amersham e2e4 Major op"]
[Site "Amersham"]
[Date "2012.05.19"]
[Round "3"]
[White "Probert, Malcolm"]
[Black "Roads, Phil J"]
[Result "0-1"]
[WhiteElo "1583"]
[BlackElo "1726"]
[PlyCount "68"]
[EventDate "2012.05.18"]
[EventType "swiss"]
[EventRounds "5"]
[EventCountry "ENG"]
[SourceTitle "EXT 2014"]
[Source "ChessBase"]
[SourceDate "2013.11.20"]
[SourceVersion "1"]
[SourceVersionDate "2013.11.20"]
[SourceQuality "1"]

1. Nf3 Nf6 2. c4 g6 3. d4 Bg7 4. Nc3 0-0 5. Bg5 h6 6. Bh4 c5 7. e3 cxd4 8. exd4 Qa5 9. Bd3 d6 10. 0-0 Nc6 11. a3 Qb6 12. Na4 Qc7 13. b4 e5 14. dxe5 dxe5 15. Nc3 Be6 16. Rc1 Ne7 17. Re1 Nf5 18. Bxf5 Bxf5 19. Nxe5 Rfe8 20. Bxf6 Bxf6 21. Nd5 Qd8 22. Nxf6+ Qxf6 23. f4 Rad8 24. Qf3 Qa6 25. Qc3 f6 26. g4 fxe5 27. gxf5 exf4 28. fxg6 Qxg6+ 29. Kh1 Qc6+ 30. Kg1 Qg6+ 31. Kf2 Kh7 32. Rg1 Qf7 33. Rg2 f3 34. Qxf3 Rd2+ 0-1